Statistiken für Länder die mit der USA jemals im Krieg waren

Klicken Sie hier um das Quiz zu spielen!

Allgemein

  • Dieses Quiz wurde 1.288 mal gespielt
  • Das Durchschnittsergebnis liegt bei 10 aus 16

Antwortstatistiken

LandJahr% Korrekt
Deutschland1917
97%
Deutschland1941
97%
Japan1941
90%
Irak2003
89%
Vereinigtes Königreich1775
84%
Vereinigtes Königreich1812
84%
Mexiko1846
83%
Vietnam1964
80%
Italien1941
79%
Afghanistan1981
71%
Spanien1898
66%
Österreich-Ungarn1917
40%
Osmanisches Reich1917
28%
Jugoslawien1992
25%
Bulgarien1917
22%
Philippinen1899
14%

Verteilung der Resultate

Perzentil nach korrekt beantworteten Fragen

Anzahl Personen mit jedem Resultat

Ihre Resultats-Entwicklung

Sie haben dieses Quiz noch nicht gespielt